000 00987nam0a22002651 4500
001 rc\2589532
005 20250623123054.0
035 _a(NLR Aleph) 006753858
090 _a5772826
_c5772826
100 _a20110914d1929 |||y0rusy50 ca
101 0 _arus
102 _aRU
105 _ay z |||||
200 1 _aАвангард безбожников Сибири
_e(Как рабочие Красноярск. ж.-д. мастерских организовали союз безбожников и ведут антирелигиозную работу)
_fИ. Варваров, А. Железных
210 _aНовосибирск
_cСибкрайиздат
_d1929
_gтип. СКС
215 _a36 с.
_d17х13 см.
300 _aПредисловие: Бойков
700 1 _aВарваров
_bИ.
701 1 _aЖелезных
_bА.
801 0 _aRU
_bNLR
_gpsbo
801 1 _aRU
_bELAR
_2rusmarc
852 _aNLR
_j39/2438
942 _cBOOK
980 _aNB